000 01273nam a22002297a 4500
003 OSt
005 20260218155319.0
008 260218b ||||| |||| 00| 0 spa d
020 _a9789583069604
040 _cCO-Mq BPB
041 _aspa
082 _aJN
_bTRUa
100 _aTrujillo Sanz, Fernando
_d1973-
_eautor
245 _aAgua roja
264 _aBogotá;
_bPanamericana,
_c2025
300 _a244 páginas;
_bTapa dura,
_c23 cm
521 _aAgua roja es una novela narrada desde la voz de Dani, quien decide contar su propia historia desde el principio, aunque reconoce que no es fácil expresarla y su forma de recordar es peculiar. A través de sus recuerdos más significativos —incluyendo emociones, experiencias y detalles de su vida— Dani va revelando los momentos que han marcado su identidad. El relato se construye como una exploración íntima del pasado del protagonista, combinando recuerdos entrañables con reflexiones personales. La narrativa se centra en la memoria, la identidad y los vínculos humanos, dejando al lector sumergirse en la mente de alguien que rememora y reflexiona sobre su vida con una voz única y sincera.
650 _aNovela juvenil
650 _aMisterio
650 _aNovela fantástica
942 _2ddc
_cBKLIT
999 _c16123
_d16123